000 00801nam0a22002651 4500
001 rc\4429837
005 20250612081651.0
021 _aRU
_b[62-45300]
035 _a(NLR Aleph) 008574909
090 _a8548649
_c8548649
100 _a20130416d1962 |||y0rusy50 ca
101 0 _arus
102 _aRU
105 _aa z |||a|
200 1 _aИвасик
_e[Рассказ
_eДля мл. возраста
_fИл.: Б. Жуков
210 _aТашкент
_cЕш гвардия
_d1962]
215 _a8 с.
_cил.
_d17
606 _aЖивотные (д. л.)
_2psbo
700 1 _aИванов
_bА.М.
_f1902-
_gАндрей Митрофанович
702 1 _aЖуков
_bБ.
_4440
801 0 _aRU
_bNLR
_gpsbo
801 1 _aRU
_bELAR
_2rusmarc
852 _aNLR
_j62-2/2242
942 _cBOOK
980 _aNB